Estrella distante
Sparad:
| Huvudupphovsman: | |
|---|---|
| Materialtyp: | Bok |
| Språk: | spanska |
| Publicerad: |
Barcelona
Anagrama
2011
|
| Upplaga: | 9a. ed |
| Serie: | Colección Compactos
|
| Ämnen: | |
| Taggar: |
Lägg till en tagg
Inga taggar, Lägg till första taggen!
|
MARC
| LEADER | 00000cam a2200000 a 4500 | ||
|---|---|---|---|
| 001 | UCG8579 | ||
| 003 | CL-VaPUC | ||
| 008 | 111223e20110000SP |||||||||||||||||spa|d | ||
| 020 | |a 9788433966735 | ||
| 082 | 0 | 4 | |a Ch863 |b BOL |2 21 |
| 100 | 0 | |a Bolaño, Roberto |e author |9 559163 | |
| 245 | 1 | 0 | |a Estrella distante |
| 250 | |a 9a. ed | ||
| 300 | |a 157 p | ||
| 942 | |c BK | ||
| 945 | |d 20111223 00:00:00 |a cmena | ||
| 260 | |a Barcelona |b Anagrama |c 2011 | ||
| 650 | 0 | |a Novelas chilenas |9 265425 | |
| 650 | 0 | |a Literatura chilena |9 308278 | |
| 583 | |a last modification |c 20111223 12:06:00 |k Rodrigo Vera | ||
| 490 | 0 | |a Colección Compactos | |
| 999 | |c 346185 |d 346183 | ||